Smysluplnost a realizovatelnost různých variant evropské integrace

Úvaha o rozpore medzi spoločenskými a právnymi normami na úrovni Európskej únie. Obsahové vymedzenie noriem európskeho práva. Problematika nehomogénnosti Európskej únie. Prínosy a náklady Európskej únie. Ekonomické teórie a súčasné problémy Európskej únie.

Salvato in:
Dettagli Bibliografici
Autore principale: Wawrosz, Petr
Natura: Capitolo di libro
Lingua:ceco
Soggetti:
Tags: Aggiungi Tag
Nessun Tag, puoi essere il primo ad aggiungerne!!

MARC

LEADER 00000naa a2200000 4500
001 0235012
005 20220713130902.7
041 0 |a cze 
044 |a CZ 
245 1 0 |a Smysluplnost a realizovatelnost různých variant evropské integrace  |c Petr Wawrosz 
520 |a Úvaha o rozpore medzi spoločenskými a právnymi normami na úrovni Európskej únie. Obsahové vymedzenie noriem európskeho práva. Problematika nehomogénnosti Európskej únie. Prínosy a náklady Európskej únie. Ekonomické teórie a súčasné problémy Európskej únie. 
610 2 0 |a Európska únia 
610 2 0 |a integrácia ekonomická medzinárodná 
610 2 0 |a normy právne 
610 2 0 |a normy spoločenské 
610 2 0 |a právo európske 
100 1 |a Wawrosz, Petr